000
00272nam a2200109Ia 4500
008
200302s9999 xx 000 0 und d
100
_a
Pratapaditya Pal
245
_a
Goddess Durga the Power and the Glory
260
_b
Marg Publication
260
_c
2010
300
_a
200 P.,
999
_c
2677
_d
2677